| 000 | 00848nam a2200241 a 4500 | ||
|---|---|---|---|
| 001 | 10384 | ||
| 003 | CO-ViMGA | ||
| 008 | 141112s2004 ck r 000 u spa d | ||
| 020 | _a9586640027 | ||
| 040 |
_aCO-ViMGA _bspa _cCO-ViMGA |
||
| 082 | 0 | 4 | _a986.02 G17r |
| 100 | 1 |
_aGarrido ; Margarita, _913792 |
|
| 245 | 1 | 0 |
_aReclamos y representaciones : _bVariaciones sobre la política en el Nuevo Reino de Granada, 1770 - 1815 |
| 260 |
_aSantafé de Bogotá : _bBanco de la República, _c1993 |
||
| 300 | _a414p. | ||
| 490 | _aColección Bibliografica Banco de la República, Historia Colombiana | ||
| 650 | 1 | 4 |
_aASPECTOS POLITICOS _913793 |
| 650 | 1 | 4 | _aCOLOMBIA - HISTORIA - COLONIA - 1550 - 1810 |
| 650 | 1 | 4 | _aCOLOMBIA - Política Y GOBIERNO |
| 650 | 1 | 4 |
_aHISTORIA 1770 - 1815 _913794 |
| 650 | 1 | 4 |
_aSOCIOLOGIA Política _913795 |
| 942 |
_2ddc _cBK |
||
| 999 |
_c21731 _d21731 |
||